000 003840000a22001090004500
090 _aAS
_bSeriadas
245 1 0 _aReproducción de la tortuga "cabezon" Peltocephalus tracaxa (<Spix>) , 1824, (<Testudines.Pelomedusidae>), en Colombia
041 0 _aEspañol
100 1 _aMedem M., Federico
_912267
942 _cARTICULO
773 1 _tLozania: Acta Zoológica Colombiana
_3375
_h41
_q1-12
_d1983
999 _c15187
_d15187